| 000 | 00000nam 2200000zi 4500 |
| 001 | 9.954239 |
| 003 | CaOODSP |
| 005 | 20250820105725 |
| 006 | m o d f |
| 007 | cr mn |||||||| |
| 008 | 250814t20242024onc obs f000 0 fre d |
| 040 | |aCaOODSP|bfre|erda|cCaOODSP |
| 043 | |an-cn--- |
| 086 | 1 |aCS82-003/2024-8-2F-PDF |
| 100 | 1 |aGupta, Shikha, |eauteur. |
| 245 | 10|aInsécurité alimentaire du ménage chez les personnes ayant une incapacité au Canada : |brésultats de l’Enquête canadienne sur le revenu de 2021 / |cpar Shikha Gupta, Daphne Fernandes, Nicole Aitken et Lawson Greenberg. |
| 264 | 1|a[Ottawa] : |bStatistique Canada = Statistics Canada, |c2024. |
| 264 | 4|c©2024 |
| 300 | |a1 ressource en ligne (pages 16-29). |
| 336 | |atexte|btxt|2rdacontent/fre |
| 337 | |ainformatique|bc|2rdamedia/fre |
| 338 | |aressource en ligne|bcr|2rdacarrier/fre |
| 490 | 1 |aRapports sur la santé, |x1209-1375 ; |vvol. 35, no. 8, [2] |
| 500 | |aPublié aussi en anglais sous le titre : Household food insecurity among persons with disabilities in Canada : findings from the 2021 Canadian Income Survey. |
| 500 | |a« Date de diffusion : le 21 août 2024. Date de correction : le 30 août 2024. » |
| 504 | |aComprend des références bibliographiques (pages 14-15). |
| 520 | |a« L’insécurité alimentaire liée au revenu est un déterminant de la santé important. Les personnes ayant une incapacité sont exposées à un risque plus élevé d’insécurité alimentaire du ménage (IAM) que les personnes sans incapacité. Les principaux objectifs de la présente étude étaient d’estimer la prévalence de l’IAM chez les personnes dont les types d’incapacité, le nombre d’incapacités ainsi que leur gravité diffèrent et d’examiner les corrélations sociodémographiques de l’IAM pour ce groupe » -- Page 16. |
| 650 | 6|aSécurité alimentaire|zCanada|vStatistiques. |
| 650 | 6|aPersonnes handicapées|zCanada|vStatistiques. |
| 655 | 7|aStatistiques|2rvmgf |
| 710 | 2 |aStatistique Canada, |eorganisme de publication. |
| 775 | 08|tHousehold food insecurity among persons with disabilities in Canada : |w(CaOODSP)9.954237 |
| 830 | #0|aRapports sur la santé (Collection)|x1209-1375 ; |vvol. 35, no. 8, [2].|w(CaOODSP)9.950257 |
| 856 | 40|qPDF|s660 KB|uhttps://publications.gc.ca/collections/collection_2025/statcan/82-003-x/CS82-003-2024-8-2-fra.pdf |
| 856 | 41|qHTML|sS.O.|uhttps://www150.statcan.gc.ca/n1/pub/82-003-x/2024008/article/00002-fra.htm |